000 00615nam a2200265Ia 4500
003 OSt
005 20220912151319.0
006 a|||||r|||| 00| 0
007 ta
008 220909b |||||||| |||| 00| 0 eng d
024 _a38267
037 _cTextual
040 _aCSL
_beng
_cCSL
041 _aeng
082 _aF191, L1
100 _aJohnson C G
245 0 _aMetallurgy
250 _a4
260 _aIndia
_bBombay
_c1971
300 _aix,454p.
_ccm.
650 _a Metallurgy
650 _aTechnology
942 _hF191, L1
_cTEXL
_2CC
999 _c65812
_d65812